00623cam a2200181 4500001001100000008004100011035001500052050002700067100004000094245007600134260004300210300002100253500004700274500001500321650003400336650003800370700003300408BFIL008462 19431943 spa  aBFIL008462 4aPQ9261b.E3A4 E32 19431 aEca de Quiroz, Jose Maria 1845-1900 0aAlves y Cia. [Jose Maria] Eca de Quiroz ; tr. de B. J. Rodriguez Casal. aLa Plata, Argentina :bCalomino,c1943 a190 p. ;c19 cm. aTitulo dr la cubierta : Alvez y compañia a1 ejemplar 4aNovela PortuguesaxSioglo XIX 4aLiteratura PortuguesaxSioglo XIX1 aRodriguez Casal, B. J.,etr.